000 00900nam0a2200277 4500
001 RU\NLR\bibl\885910
005 20250614170606.0
021 _aRU
_b2004-75910
_93744
035 _a(NLR Aleph) 000874445
090 _a1619902
_c1619902
100 _a20051208d2004 |||y0rusy50 ca
101 0 _arus
102 _aRU
105 _aa |||||||||
200 1 _aЦветные металлы
_iАлюминий
_eметоды анализа
205 _aИзд. офиц.
210 _aМосква
_cИзд-во стандартов
_d2004
215 _a99, [1] с.
_cил.
_d29
225 1 _aНациональные стандарты
_eсборник
606 1 _aАлюминий
_jСтандарты
_jСборники
_9946228
_3RU\NLR\auth\6632371
686 _aК233.1я868
801 0 _aRU
_bNLR
_c20051208
_grcr
801 1 _aRU
_bNLR
_c20051208
942 _cBOOK
980 _aNB